Tips & Tricks Windows : (Record no. 38857)

MARC details
000 -LEADER
fixed length control field 00738nam a22001937a 4500
005 - DATE AND TIME OF LATEST TRANSACTION
control field 20100803110610.0
010 ## - LCCN (DPL NO)
LC control number ENG-97293
020 ## - INTERNATIONAL STANDARD BOOK NUMBER
International Standard Book Number 9788128825545
Terms of availability 150.00
035 ## - SYSTEM CONTROL NUMBER
System control number EN-80826
037 ## - SOURCE OF ACQUISITION
Source of stock number/acquisition DBAD/PUB
082 ## - DEWEY DECIMAL CLASSIFICATION NUMBER
Classification number 005.43
100 ## - MAIN ENTRY--PERSONAL NAME
Personal name Minhas,Davinder Singh
245 F# - TITLE STATEMENT
Title Tips & Tricks Windows :
Statement of responsibility, etc by Davinder Singh Minhas
Remainder of title Teach yourself &make everything easier /
260 ## - PUBLICATION, DISTRIBUTION, ETC. (IMPRINT)
Place of publication, distribution, etc New Delhi
Name of publisher, distributor, etc Diamond Pocket Books
Date of publication, distribution, etc 2010
270 ## - ADDRESS
Address x-30,Okhla Industrial Area,Phase-II
City New Delhi
Postal code 110020
300 ## - PHYSICAL DESCRIPTION
Extent 226p.
Dimensions 23 cm (pbk)
942 ## - ADDED ENTRY ELEMENTS (KOHA)
Source of classification or shelving scheme Dewey Decimal Classification
Item type English Books
Classification part 005.43
Call number suffix MIN
Holdings
Withdrawn status Lost status Not for loan Collection code Home library Current library Date acquired Source of acquisition Cost, normal purchase price Full call number Barcode Copy number Cost, replacement price Koha item type
    Not For Loan Non-fiction D.B.Act.Division D.B.Act.Division 03/08/2010 DBAD/PUB 150.00 005.43 MIN EN-80826 1 150.00 English Books

© Delhi Public Library
Hit Counter
free hit counter